000 004700000a22001930004500
999 _c48885
_d48885
001 1727
003 CO-MdFUSB
005 20171115181733.0
008 171115b xxu||||| |||| 00| 0 eng d
020 _a958-240-100-1
040 _cCO-MdBIC
082 0 4 _a863C Ai28br
100 1 _aDahl, Roald
245 1 0 _aLas brujas / Roald Dahl ; ilustraciones de Quentin Blake
260 _aBogotá : Alfaguara
300 _a200 P.
500 _aDesde 10 años
942 _cLGB